Aj expresná preprava ponúka služby s pridanou hodnotou

Spoľahlivá a kvalitná expresná preprava zásielok ako dôležitá súčasť podnikateľského úspechu. VAS centrá, ktoré odbremeňujú firmy od logistiky. V rýchlosti je sila. Podpora pre repair centrá. Moderné technológie, moderný sklad. Expresná preprava. Bezpečnosť prepravy. Dôležitosť procesov.

Salvato in:
Dettagli Bibliografici
Autore principale: Marianyi, Peter
Natura: Capitolo di libro
Lingua:slovacco
Soggetti:
Tags: Aggiungi Tag
Nessun Tag, puoi essere il primo ad aggiungerne!!

MARC

LEADER 00000naa a2200000 4500
001 0221022
005 20230912114914.1
041 0 |a slo 
044 |a SK 
245 1 0 |a Aj expresná preprava ponúka služby s pridanou hodnotou  |c Peter Marianyi 
520 |a Spoľahlivá a kvalitná expresná preprava zásielok ako dôležitá súčasť podnikateľského úspechu. VAS centrá, ktoré odbremeňujú firmy od logistiky. V rýchlosti je sila. Podpora pre repair centrá. Moderné technológie, moderný sklad. Expresná preprava. Bezpečnosť prepravy. Dôležitosť procesov. 
610 2 0 |a logistika 
610 2 0 |a preprava 
610 2 0 |a skladovanie 
610 2 0 |a sklady 
610 2 0 |a služby logistické 
610 2 0 |a hodnota pridaná 
610 2 0 |a technológie nové 
610 2 0 |a bezpečnosť 
610 2 0 |a kvalita 
100 1 |a Marianyi, Peter